| 000 | 06333nam2a22003371 4500 | ||
|---|---|---|---|
| 001 | RU\NLR\A1\11506 | ||
| 005 | 20251203152403.2 | ||
| 035 | _a(NLR Aleph) 009674293 | ||
| 090 |
_a13474420 _c13474420 |
||
| 100 | _a19981219d1785 m y0rusy50 ca | ||
| 101 | 1 |
_arus _cfre |
|
| 140 | _af y ga yaa0000 | ||
| 200 | 0 | _aЧ.9 | |
| 215 | _a1-152, 151-158, 161-474 c. | ||
| 316 |
_aЭкз. РНБ (18.13.6.23(ч.9)) в картон. коричневом марморир. цельнокожаном пер. На крышках пер. линейные рамки золотого тиснения (золото почти не сохранилось). На нижней крышке пер. наклейка с шифром РНБ. На гладком корешке с золотым тиснением крас. и черная кожаные наклейки с вытисн. золотом загл. и номером части: "История Милотова", "9"; бумаж. наклейка "Мил". Обрез тонир. желтый (краска выцвела). Форзац и нахзац из мраморной бумаги. На форзаце ярлык с шифром РНБ, ярлык со старым шифром (зачеркнут). На тит. л., с.33, 447, 472, 474 круглый штамп ГПБ. В с.379-380 отверстие. _5NLR: 18.13.6.23(ч.9) |
||
| 316 |
_aЭкз. РНБ (138/1684(ч.9)) в картон. коричневом цельнокожаном пер. На нижней крышке пер. экслибрис Рус. фонда ГПБ с шифром, червоточины. На корешке с 5-ю бинтами и золотым тиснением крас. и коричневая кожаные наклейки с вытисн. золотом загл. и номером части: "История г. абба. Мйлот", "9"; бумаж. наклейка с рукоп. номером "1249". Обрез тонир. крас. На форзаце ярлык с шифром РНБ, наклеенный поверх экслибриса. На обороте форзаца запись: "Межинскаго [нрзб] девять книг. Цена 28 р". На обороте тит. л., с.33 круглый штамп ГПБ. На с.474 техн. штамп. _5NLR: 138/1684(ч.9) |
||
| 316 |
_aЭкз. РНБ (РЗФ 18в. 3/1358(ч.9)) в картон. коричневом цельнокожаном пер. На крышках пер. орнамент. рамки золотого тиснения (золото почти не сохранилось). На верхней крышке пер. червоточины. На нижней крышке пер. экслибрис РЗФ ГПБ с шифром. На гладком корешке с золотым тиснением (золото почти не сохранилось) фрагм. бордовой и зеленой кожаных наклеек с вытисн. золотом загл. и частью: "Древ[няя] история г. Милота", "чаеть IX". Обрез тонир. крас. На тит. л. круглый штамп "Госуд. Публичн. библиотека Дублет". На с.474 техн. штамп. _5NLR: РЗФ 18в. 3/1358(ч.9) |
||
| 316 |
_aЭкз. РНБ (РЗФ 18в. 3/1358(ч.8)а) в картон. коричневом цельнокожаном пер. На нижней крышке пер. экслибрис РЗФ ГПБ с шифром. На корешке с 5-ю бинтами и блинтовым тиснением крас. и черная кожаные наклейки с вытисн. загл. и частью: "Древняя и новая история аб Милота", "9"; бумаж. наклейка. Обрез тонир. крас. На тит. л. круглый штамп "Госуд. Публичн. библиотека Дублет". На с.472 техн. штамп. Потеки по всему кн. блоку. Экз. деф.: утрачены с.473-474. _5NLR: РЗФ 18в. 3/1358(ч.8)а |
||
| 317 |
_aВ экз. РНБ (138/1684(ч.9)) на форзаце экслибрис б-ки СПб. Духовной семинарии (Богомолов. 12017). На обороте нахзаца запись: "Н. Помеловский". На тит. л. штамп б-ки СПб. Духовной семинарии (Богомолов. 12015). На с.3 штамп "Дар протоиерея В. Помяловскаго". _5NLR: 138/1684(ч.9) |
||
| 461 | 1 |
_1001RU\NLR\A1\11497 _12001#$aДревняя и новая история, от начала мира до настоящаго времени,$vЧ.9 _1700#1$aМилло$bК. Ф. К.$f1726-1785$gКлод Франсуа Ксавье _99675830 _aМилло, К. Ф. К. (1726-1785) _cВ Москве _d1785 _fСочинение г. аббата Милота, члена многих академий. _nиждивением Типографической компании _oсодержащая в первых четырех частях историю египтян, китайцов, ассириян и вавилонян, финикиян, евреев, мидян и персов, индиян, скифов и цельтов, греков, римлян и карфагенян, : с присовокуплением общих примечаний о других древних асийских народах; : а в последующих пяти частях всех империй, королевств, республик и других владений, в Европе ныне известных. _tДревняя и новая история, от начала мира до настоящаго времени, _vЧ.9 |
|
| 702 | 1 |
_aПомеловский _bН. _5NLR: 138/1684(ч.9) |
|
| 702 | 1 |
_4320 _7ca _8rus _aПомяловский _bВ. Г. _f1810-1866 _gВасилий Григорьевич _9205002 _3RU\NLR\AUTH\770205054 |
|
| 801 | 0 |
_aRU _bNLR _c19981219 |
|
| 852 |
_aNLR _j18.13.6.23(ч.9) |
||
| 852 |
_aNLR _j138/1684(ч.9) |
||
| 852 |
_aNLR _bРЗФ _j18в. 3/1358(ч.9) |
||
| 852 |
_aNLR _bРЗФ _j18в. 3/1358(ч.9)а |
||
| 942 | _cBOOK | ||
| 980 | _aA1XVIIIv | ||
| 980 | _aNB | ||